000 00336 a2200145 4500
001 194964
040 _cMagnum
100 _aLucchetti, Rubens Francisco
240 1 0 _aO fantasma do tio William
_lpor
245 1 0 _aO fantasma do tio William
300 _a60
440 1 _aÁtica
697 _aLITERATURA INFANTO-JUVENIL
942 _cBK
999 _c194964
_d194964